000 00434nam a22001697a 4500
005 20221219154222.0
008 221219b |||||||| |||| 00| 0 eng d
020 _a978-938399256-0
041 _aeng
082 _a632.5-SIN-W
100 _aSINGH, RANA Dr. SURINDER AND KUMAR ,Dr. SACHIN
_97395
245 _aWEED MANAGEMENT
250 _a1st ed.
260 _aNEW DELHI
_bBHAVYA BOOKS
_c2022
300 _a338;P.
942 _cBK
999 _c8117
_d8115